Statistiken für Die geringsten religiösen EU-Länder

Klicken Sie hier um das Quiz zu spielen!

Allgemein

  • Dieses Quiz wurde 362 mal gespielt
    (283 seit der letzten Aktualisierung)
  • Das Durchschnittsergebnis liegt bei 6 aus 10

Antwortstatistiken

%Nicht so religiöses Land% Korrekt
18Schweden
86%
33Finnland
82%
28Dänemark
72%
28Niederlande
71%
37Belgien
64%
18Estland
63%
16Tschechien
54%
27Frankreich
52%
32Slowenien
41%
36Bulgarien
23%

Verteilung der Resultate

Perzentil nach korrekt beantworteten Fragen

Anzahl Personen mit jedem Resultat

Ihre Resultats-Entwicklung

Sie haben dieses Quiz seit der letzten Aktualisierung nicht gespielt